[Event "CZE-tht Extraliga 2018-19"]
[Site "Czech Republic"]
[Date "2018.11.03"]
[Round "1"]
[White "Navara, David"]
[Black "Biolek, Richard Jr."]
[Result "1-0"]
[WhiteElo "2740"]
[BlackElo "2455"]
[Annotator "TA"]
[PlyCount "69"]
[EventDate "2018.11.03"]
[EventType "team-tourn"]
[EventCountry "CZE"]
[SourceTitle "playchess.com"]
[Source "ChessBase"]
[SourceQuality "1"]
[WhiteTeam "1. Novoborsky SK"]
[BlackTeam "Labortech Ostrava"]

{[%evp 14,69,91,46,87,84,279,289,277,269,351,310,345,396,346,380,359,361,320,187,170,184,162,167,266,257,254,231,412,397,412,376,400,395,412,412,412,412,412,412,412,411,429,420,640,633,641,610,605,560,554,552,556,549,537,530,969,945]} 1. e4 d5 2. exd5 Qxd5 3. Nc3 Qa5 4. d4 Nf6 5. Bd2 Bg4 6. Nf3 Nc6 7. Nb5 Qb6 {B01: Scandinavian Defence} 8. a4 {[%cal Ba2a4,Ba4a5,Ba5a6][%mdl 32] LiveBook: 3 Games} (8. c4 Bxf3 9. Qxf3 Nxd4 10. Nxd4 Qxd4 11. Qxb7 Qe4+ 12. Qxe4 Nxe4 13. Be3 e5 14. Bd3 Nc5 15. Bc2 O-O-O 16. Rd1 {1-0 (59) Vera Siguenas,D (2496)-Lapshun,Y (2396) Barcelona 2016}) 8... Nb8 $146 ({Predecessor:} 8... a5 9. Be3 Nd5 10. c4 Nxe3 11. fxe3 Nb4 12. c5 Qc6 13. Nd6+ exd6 14. Bb5 d5 15. O-O {1-0 (24) Batchimeg,T (2286)-Myagmarsuren,L (2198) Ulaanbaatar 2009}) 9. h3 Bd7 $2 (9... Bxf3 $16 {was necessary.} 10. Qxf3 a6) 10. a5 $1 $18 {[%cal Ra5b6]} Qe6+ 11. Ne5 $1 Nd5 12. Qf3 Bxb5 13. Bxb5+ c6 14. a6 $1 {[%cal Ra6b7]} b6 15. c4 Nc7 16. Bxc6+ (16. O-O $142) 16... Nxc6 17. Qxc6+ Qxc6 18. Nxc6 f6 {[#]} (18... Kd7 $142) 19. b4 $1 b5 {[#]} 20. cxb5 $1 Nxb5 $2 (20... Nd5 {keeps fighting.} 21. O-O e6) 21. d5 Kd7 22. O-O e6 23. Ra5 Nc7 24. dxe6+ Kxc6 25. Rc1+ Kd6 26. Bf4+ Kxe6 27. Rc6+ ({Weaker is} 27. Rxc7 g5 $18) ({Not} 27. Bxc7 Bxb4 28. Rb5 Bd2 $16) 27... Kf7 {Threatens to win with ...Ne6.} 28. Rxc7+ Kg6 (28... Ke6 $142 29. Rc6+ Kd7) 29. b5 {White is clearly winning.} Bb4 30. Ra4 Bf8 31. Be3 Rb8 32. Rb7 Rxb7 33. axb7 Bd6 34. Bxa7 Bb8 35. b6 {Precision: White = 89%, Black = 42%.} 1-0

[Event "CZE-tht Extraliga 2018-19"]
[Site "Czech Republic"]
[Date "2018.11.03"]
[Round "1"]
[White "Ragger, Markus"]
[Black "Rasik, Vitezslav"]
[Result "1/2-1/2"]
[WhiteElo "2690"]
[BlackElo "2458"]
[Annotator "TA"]
[PlyCount "93"]
[EventDate "2018.11.03"]
[EventType "team-tourn"]
[EventCountry "CZE"]
[SourceTitle "playchess.com"]
[Source "ChessBase"]
[SourceQuality "1"]
[WhiteTeam "1. Novoborsky SK"]
[BlackTeam "Labortech Ostrava"]

{[%evp 13,93,27,35,22,54,26,54,48,40,32,35,25,35,26,58,56,48,20,77,43,55,42,97,83,76,73,77,87,79,94,102,101,88,21,33,21,21,21,19,22,20,22,8,13,27,22,23,29,55,14,21,15,21,21,37,17,25,25,21,0,15,16,70,82,178,167,147,51,51,51,54,14,27,0,0,0,0,0,0,0,0,0]} 1. e4 d6 2. d4 g6 3. Nc3 Bg7 4. f4 Nf6 5. a3 O-O 6. Nf3 Nc6 {B09: Pirc-Ufimzew-Verteidigung (Dreibauernangriff)} (6... Bg4 7. Be2 Bxf3 8. Bxf3 e5 9. fxe5 dxe5 10. d5 c6 11. dxc6 Nxc6 12. Qxd8 Rfxd8 13. Bg5 Nd4 14. O-O-O {0-1 (52) Anand,V (2776)-Nepomniachtchi,I (2751) Moscow 2018}) 7. Be2 Bg4 {LiveBook: 3 Partien} 8. d5 Nb8 9. h3 Bxf3 10. Bxf3 ({Bitte nicht} 10. gxf3 c6 $11) 10... c6 11. O-O cxd5 $146 ({Vorgänger:} 11... Nbd7 12. dxc6 bxc6 13. Be3 Qc7 14. Qd2 {½-½ (34) De Francesco,K (2283)-Mainka,R (2510) Bad Woerishofen 2010}) 12. exd5 Nbd7 13. Be3 Nb6 14. Bd4 Rc8 15. a4 a6 (15... Ne8 $11) 16. b3 Nbd7 17. Re1 Ne8 (17... Qc7 $14) 18. Ne2 $1 $16 Qa5 19. c4 Nc5 20. Rb1 {zielt auf b4 ab.} Qb4 21. Be3 b5 {[#]} 22. cxb5 $1 axb5 {[#]} 23. Nd4 (23. a5 $1 $16) 23... Bxd4 $1 $11 24. Qxd4 Qxd4 25. Bxd4 bxa4 26. bxa4 ({Doch nicht} 26. Rxe7 Nxb3 27. Be3 Nf6 $17) 26... Nxa4 27. Rxe7 Rc4 28. Rd1 Nc5 29. g4 Nb3 30. Be3 Ng7 31. Kf2 Re8 32. Rxe8+ Nxe8 33. Rb1 Nc5 34. Rb8 Kf8 35. Be2 Rc2 36. Bd4 Ke7 37. g5 Nd7 (37... f5 $11) 38. Ra8 $1 $14 Rd2 (38... f6 $16 {war nötig.}) 39. Ke3 $18 Rc2 40. Kd3 ({Lieber} 40. Bd3 $16 Rh2 41. Ra7 Rxh3+ 42. Kd2 Rh2+ 43. Kc3) 40... Rc7 $14 41. Kd2 {Und weiter mit Lb5 wäre nett.} Rb7 $1 42. Bf3 Nc7 43. Rh8 Rb4 {Die Stellung ist ausgeglichen.} 44. Ke3 Rb3+ 45. Ke2 Rb4 46. Ke3 Rb3+ 47. Kf2 {Precision: Weiß = 52%, Schwarz = 49%.} 1/2-1/2

[Event "CZE-tht Extraliga 2018-19"]
[Site "Czech Republic"]
[Date "2018.11.03"]
[Round "1"]
[White "Rodshtein, Maxim"]
[Black "Sadzikowski, Daniel"]
[Result "1/2-1/2"]
[WhiteElo "2674"]
[BlackElo "2558"]
[Annotator "TA"]
[PlyCount "34"]
[EventDate "2018.11.03"]
[EventType "team-tourn"]
[EventCountry "CZE"]
[SourceTitle "playchess.com"]
[Source "ChessBase"]
[SourceQuality "1"]
[WhiteTeam "SK ZIKUDA Turnov"]
[BlackTeam "SK DURAS BVK Kralovo Pole"]

{[%evp 18,34,4,4,0,-5,0,0,25,24,29,30,18,23,28,30,36,28,30]} 1. d4 Nf6 2. c4 e6 3. Nf3 d5 4. g3 Bb4+ 5. Bd2 Bd6 (5... Be7 6. Bg2 O-O 7. O-O Nbd7 8. Nc3 c6 9. Bf4 dxc4 10. e4 Re8 11. a4 b6 12. d5 exd5 13. exd5 Bb7 14. a5 bxa5 15. d6 Bf8 16. Nd2 Nd5 17. Nxd5 cxd5 18. Nxc4 dxc4 19. Bxb7 {½-½ (42) Nakamura,H (2777)-Karjakin,S (2773) Saint Louis 2018}) 6. Bg2 {E01: Katalanisch} c6 7. O-O Nbd7 8. b3 Ne4 9. Bc1 O-O 10. Bb2 {LiveBook: 10 Partien} f5 11. Nbd2 {[%cal Bb1d2,Bd2f3,Bf3e5][%mdl 32]} a5 $146 ({Vorgänger:} 11... b6 12. Ne5 Nxe5 13. dxe5 {1-0 (55) Binder,M (1969)-Frank,E (2024) Untersiebenbrunn 2012}) 12. Ne1 Nef6 13. Nd3 b6 14. Rc1 Bb7 15. Nf3 Qe7 16. Nfe5 Rac8 17. Rc2 c5 1/2-1/2

[Event "CZE-tht Extraliga 2018-19"]
[Site "Czech Republic"]
[Date "2018.11.03"]
[Round "1"]
[White "Najer, Evgeniy"]
[Black "Korobov, Anton"]
[Result "1-0"]
[WhiteElo "2663"]
[BlackElo "2694"]
[Annotator "TA"]
[PlyCount "105"]
[EventDate "2018.11.03"]
[EventType "team-tourn"]
[EventCountry "CZE"]
[SourceTitle "playchess.com"]
[Source "ChessBase"]
[SourceQuality "1"]
[WhiteTeam "Vystaviste Lysa nad Labem"]
[BlackTeam "Beskydska sachova skola"]

{[%evp 25,105,18,24,0,19,18,22,19,17,0,34,31,13,18,48,42,63,0,0,0,0,-42,224,223,201,169,173,159,180,45,100,92,69,45,51,0,0,0,0,0,0,0,0,0,0,0,0,0,0,-8,-6,-41,-8,-2,0,-39,200,200,174,191,281,259,283,274,301,275,335,344,399,377,866,735,6315,5772,29979,29980,29978,29980,29978,29977,29977,29977]} 1. e4 c5 2. Nf3 Nc6 3. d4 cxd4 4. Nxd4 Qb6 5. Nb3 Nf6 6. Nc3 e6 7. Bd3 d6 8. f4 a6 9. Qe2 Qc7 10. O-O Be7 {B33: Sicilian: Pelikan and Sveshnikov Variations} 11. Bd2 b5 12. a4 b4 13. Nd1 O-O {LiveBook: 3 Games} 14. Nf2 e5 15. f5 {[#]} Rd8 $146 ({Predecessor:} 15... Bb7) 16. Bg5 Bb7 17. Rae1 d5 18. Bxf6 Bxf6 19. Ng4 Ne7 20. Nxf6+ gxf6 21. Qh5 ({White should try} 21. Nd2 $14) 21... dxe4 $11 22. Bxe4 Rac8 {Threatening ...Bxe4.} 23. h3 Nd5 $2 {[%mdl 8192]} (23... Bxe4 $15 {keeps the upper hand.} 24. Rxe4 Qxc2 25. Rxb4 Nd5) 24. Qh6 $1 $18 {aiming for Bxd5.} Kh8 25. Kh2 Rd6 26. Rd1 Bc6 27. Rd3 ({White has to play} 27. Rf2 $1 $18) 27... Nf4 (27... Ne7 $14 28. Rfd1 Ng8) 28. Rg3 $16 {[%csl Gg3][%cal Rh6g7]} Rg8 29. Bxc6 Rxc6 30. Nd2 (30. Rxg8+ $14 Kxg8 31. Nd2) 30... Rxg3 $11 31. Kxg3 {[%cal Rh6f8]} Qd8 $36 {[%mdl 2048] Black has good play.} 32. Rf2 $1 Rxc2 33. Ne4 Rxf2 34. Kxf2 Nd5 (34... a5 {looks sharper.} 35. Kg1 Nd5 36. Ng3 Kg8 37. Nh5 Qf8) 35. Kf3 Kg8 36. g4 Qb6 37. Qd2 Qc6 38. g5 Kf8 {next ...fxg5 is good for Black.} 39. h4 b3 40. Kg3 Qc4 $2 (40... fxg5 $15 41. hxg5 Kg7) 41. Nxf6 $18 Nxf6 42. Qd6+ ({Not} 42. gxf6 Ke8 $11) 42... Ke8 (42... Kg8 $142 43. Qd8+ Ne8 44. Qxe8+ Kg7 45. Qxe5+ Kg8 46. Qe8+ Kg7) 43. Qxe5+ Kd7 44. Qxf6 {[%mdl 4096] Endgame KQ-KQ} a5 45. h5 Qd3+ 46. Kf4 Qd2+ {[#]} 47. Ke4 $1 Qe2+ $2 {[#]} (47... Qg2+ 48. Ke3 Qg3+ 49. Kd4 Qg4+ 50. Kc5 Qb4+ 51. Kd5 Qb7+ 52. Kd4 Qb4+ 53. Kd3 Ke8 54. Qc6+ Kd8 55. Qd5+ Ke7 56. f6+ Ke8 57. Qb5+ Qxb5+ 58. axb5 Kd8) 48. Kd5 $1 Qxh5 49. Kc5 Ke8 50. Qe5+ {White mates.} Kd7 51. f6 Qg4 52. Qe7+ Kc8 53. Qe8+ {Precision: White = 69%, Black = 32%.} 1-0

[Event "CZE-tht Extraliga 2018-19"]
[Site "Czech Republic"]
[Date "2018.11.03"]
[Round "1"]
[White "Movsesian, Sergei"]
[Black "Balogh, Csaba"]
[Result "1/2-1/2"]
[WhiteElo "2633"]
[BlackElo "2625"]
[Annotator "TA"]
[PlyCount "39"]
[EventDate "2018.11.03"]
[EventType "team-tourn"]
[EventCountry "CZE"]
[SourceTitle "playchess.com"]
[Source "ChessBase"]
[SourceQuality "1"]
[WhiteTeam "GASCO Pardubice"]
[BlackTeam "Moravska Slavia Brno"]

{[%evp 14,39,30,20,28,23,20,-4,32,27,45,33,36,25,30,32,47,33,44,57,55,39,33,2,18,0,0,0]} 1. c4 e5 2. g3 Nf6 3. Bg2 c6 4. Nf3 {[%cal Bg1f3,Bf3d4,Bd4b3,Bb3c5][%mdl 32]} e4 5. Nd4 d5 6. d3 {A20: Englische Eröffnung} Bc5 7. Nb3 Bb4+ 8. Bd2 {LiveBook: 13 Partien. Weiß hat minimalen Vorteil.} a5 $146 ({Vorgänger:} 8... Bxd2+ 9. Qxd2 dxc4 10. dxc4 Qe7 11. Nc3 O-O 12. Qe3 Re8 13. h3 Bf5 {1-0 (48) Wang,H (2702)-Sengupta,D (2589) Tbilisi 2017}) 9. cxd5 exd3 10. a3 Bxd2+ (10... Be7 {is more complex.} 11. Nc3 dxe2 12. Qxe2 cxd5 13. O-O a4) 11. Qxd2 a4 12. Nc5 Nxd5 13. Nxd3 O-O 14. O-O Qa5 15. Rc1 Rd8 16. Qxa5 Rxa5 17. Nd2 Rb5 18. Ne4 Na6 19. Rd1 Kf8 20. Rac1 {Precision: Weiß = 60%, Schwarz = 65%.} 1/2-1/2

[Event "CZE-tht Extraliga 2018-19"]
[Site "Czech Republic"]
[Date "2018.11.03"]
[Round "1"]
[White "Smirin, Ilia"]
[Black "Stohl, Igor"]
[Result "1/2-1/2"]
[WhiteElo "2594"]
[BlackElo "2500"]
[Annotator "TA"]
[PlyCount "114"]
[EventDate "2018.11.03"]
[EventType "team-tourn"]
[EventCountry "CZE"]
[SourceTitle "playchess.com"]
[Source "ChessBase"]
[SourceQuality "1"]
[WhiteTeam "GASCO Pardubice"]
[BlackTeam "Moravska Slavia Brno"]

{[%evp 15,114,20,47,35,26,31,30,29,28,26,27,27,40,19,34,11,27,6,11,12,25,21,12,0,0,0,20,5,21,7,4,0,0,-17,-8,-9,0,0,0,-31,0,-25,-21,-84,-78,-89,-89,-147,-143,-137,-141,-149,-132,-164,-49,-51,-51,-51,-50,-50,-51,-60,-60,-63,-68,-65,-62,-97,-94,-106,-105,-118,-106,-122,-92,-112,-113,-102,-101,-112,-98,-99,-96,-92,-96,-96,0,-95,0,-106,-104,-183,0,0,0,0,0,0,0,0,0]} 1. e4 e5 2. Nf3 Nf6 3. Nxe5 d6 4. Nf3 Nxe4 5. Bd3 Nf6 6. O-O {C42: Petroff Defence: 3 Nxe5 and unusual White 3rd moves} Be7 7. c3 O-O 8. Bc2 b6 {LiveBook: 6 Games} (8... Bg4 9. d4 Re8 10. Re1 Nbd7 11. Nbd2 d5 12. Nf1 Bd6 13. Rxe8+ Qxe8 {½-½ (61) Aronian,L (2767)-Giri,A (2782) chess.com INT 2018}) 9. d4 Bb7 10. Re1 Nbd7 11. Bg5 Re8 12. Qd3 g6 $146 ({Predecessor:} 12... Nf8 13. Nbd2 h6 {½-½ (31) Dai,C (2430)-Bai,J (2594) Tianjin 2018}) 13. Nbd2 Bf8 14. Bb3 Bg7 15. Qc4 {aiming for Bxf6.} Rf8 16. a4 a6 17. h3 Qc8 18. Qd3 Re8 19. a5 b5 20. Rxe8+ Qxe8 21. c4 bxc4 22. Bxc4 d5 23. Ba2 c5 24. Re1 Qc8 25. dxc5 Nxc5 26. Qa3 {Threatens to win with Rc1.} Ne6 27. Qe7 Nd7 28. Qb4 Rb8 29. Qd6 (29. Be7 $11) 29... Qc6 $17 30. Bf4 {Black must now prevent Qxc6.} Rc8 31. b4 {[#]} (31. Bg3 $142) 31... Bf8 $1 {[%cal Rf8d6]} 32. Qxc6 Bxc6 33. Be3 Bxb4 34. Rc1 Bxa5 {[#]} ({Black should try} 34... d4 $19 35. Bh6 Bc3) 35. Bxd5 $1 $15 {[%mdl 512] [#]} Bb7 $1 {[%mdl 512]} (35... Bxd5 36. Rxc8+) 36. Ra1 (36. Bxb7 Rxc1+) 36... Bxd5 37. Rxa5 Bb7 38. Ra1 Kf8 39. Rb1 Bxf3 40. Nxf3 Ra8 41. Kf1 a5 {[%cal Ba6a5,Ba5a4,Ba4a3][%mdl 32]} 42. Ke2 a4 43. Kd3 Ke7 44. Re1 Kd6 45. Kc3 Nf6 46. Kb2 Nd5 47. Rd1 a3+ 48. Ka2 f6 49. Bd2 Kc6 50. Rc1+ Kd6 51. Rd1 $1 Kc6 52. Rc1+ $1 Kb5 53. g3 {[#]} (53. Ne1 $17 {was called for.}) 53... Nc5 $2 ({Better is} 53... Ra4 $1 $19 54. Be1 Nec7) 54. Nd4+ $11 {The position is equal.} Kb6 55. Rb1+ Kc7 56. Rc1 $1 {[%cal Rc1c5]} Kb6 57. Rb1+ Kc7 {Precision: White = 41%, Black = 60%.} 1/2-1/2

[Event "CZE-tht Extraliga 2018-19"]
[Site "Czech Republic"]
[Date "2018.11.03"]
[Round "1"]
[White "Kempinski, Robert"]
[Black "Van Nguyen, Thai Dai"]
[Result "1/2-1/2"]
[WhiteElo "2577"]
[BlackElo "2556"]
[Annotator "TA"]
[PlyCount "88"]
[EventDate "2018.11.03"]
[EventType "team-tourn"]
[EventCountry "CZE"]
[SourceTitle "playchess.com"]
[Source "ChessBase"]
[SourceQuality "1"]
[WhiteTeam "SK Slavoj Poruba"]
[BlackTeam "Siesta Solution Unichess A"]

{[%evp 11,88,11,13,0,11,14,24,0,0,0,0,0,0,0,24,14,27,0,11,8,13,0,0,0,0,0,0,0,0,-9,-9,-31,-12,-18,-18,-16,-12,-16,-14,-54,-20,-28,0,0,0,0,0,-20,14,0,77,68,100,104,100,84,117,117,106,112,111,93,79,79,77,37,42,16,16,9,43,2,60,41,43,0,72,0,63]} 1. d4 Nf6 2. c4 e6 3. Nf3 d5 4. e3 Be7 5. Be2 (5. Nc3 O-O 6. h3 b6 7. Bd3 Bb7 8. O-O dxc4 9. Bxc4 Nbd7 10. Qe2 c5 11. Rd1 Qc7 12. e4 cxd4 13. Nxd4 a6 {0-1 (58) Kramnik,V (2792)-Karjakin,S (2782) Paris 2018}) 5... dxc4 6. Bxc4 {D30: Queen's Gambit Declined: Systems without Nc3} a6 {LiveBook: 14 Games} 7. Nbd2 b5 8. Be2 Bb7 9. Nb3 $146 ({Predecessor:} 9. O-O Nbd7 10. b3 O-O 11. Bb2 c5 12. Rc1 Rc8 {0-1 (48) Behravan,S (1835)-Vassalam,M (2097) Kerman 2013}) 9... Nbd7 10. Bd2 Ne4 11. Ba5 Bd6 12. O-O Qe7 13. Rc1 Rc8 14. Nbd2 Nxd2 15. Nxd2 e5 16. Bf3 e4 17. Bg4 O-O 18. Bxd7 Qxd7 19. a3 $1 f5 20. Bb4 Bd5 21. Qe2 Qe7 22. Bxd6 cxd6 23. Rfe1 Qb7 24. Nf1 {[%cal Bd2f1,Bf1g3,Bg3e2,Be2f4][%mdl 32]} a5 25. Ng3 {next Rxc8 is good for White.} g6 (25... Bc4 $5 {[%cal Rc4e2]} 26. Qd2 a4 $11) 26. Qd2 b4 27. Ne2 Bc4 28. h4 d5 29. Nf4 Qe7 30. axb4 axb4 (30... a4 $11 {remains equal.}) 31. g3 $16 Qd6 32. Ra1 Ra8 33. Reb1 Bb3 34. Rc1 Bc4 35. Qe1 Qb6 36. Rxa8 Rxa8 37. Ra1 Ra5 38. Rxa5 Qxa5 39. Ne6 Kf7 40. Nc5 h6 41. Kg2 Kg8 (41... Qa2 $11) 42. Kh2 Bb5 43. Kg2 Bc4 $1 44. Kh2 Bb5 $1 {Precision: White = 58%, Black = 65%.} 1/2-1/2

[Event "CZE-tht Extraliga 2018-19"]
[Site "Czech Republic"]
[Date "2018.11.03"]
[Round "1"]
[White "Krejci, Jan"]
[Black "Skalsky, Alexandr"]
[Result "1-0"]
[WhiteElo "2563"]
[BlackElo "2240"]
[Annotator "TA"]
[PlyCount "77"]
[EventDate "2018.11.03"]
[EventType "team-tourn"]
[EventCountry "CZE"]
[SourceTitle "playchess.com"]
[Source "ChessBase"]
[SourceQuality "1"]
[WhiteTeam "1. Novoborsky SK"]
[BlackTeam "Labortech Ostrava"]

{[%evp 21,77,12,22,0,0,-35,-33,-33,-44,-38,-14,-13,0,-8,0,-34,61,64,67,59,137,119,130,138,127,87,126,114,210,211,208,215,205,202,215,227,284,274,475,462,430,316,410,407,390,367,656,652,1022,710,1260,1248,1226,1226,1152,1138,1308,1281]} 1. e4 c5 2. Nf3 g6 3. d4 cxd4 4. Qxd4 Nf6 5. Nc3 Nc6 6. Qa4 d6 7. e5 dxe5 8. Nxe5 Bd7 {B27: Sicilian: 2 Nf3, unusual Black 2nd moves} (8... Bg7 9. Nxc6 bxc6 10. Ba6 O-O 11. Bxc8 Qxc8 12. O-O Nd5 13. Ne4 Nb6 14. Qb3 Qf5 15. Re1 Rfd8 16. c3 Rd7 17. Be3 Qxe4 18. Bxb6 Qd5 19. Be3 {½-½ (19) Jovanovic,Z (2540)-Sebenik,M (2570) Biograd 2018}) 9. Nxd7 Nxd7 10. Bb5 Bg7 11. O-O O-O {LiveBook: 15 Games} 12. Be3 Nb6 13. Qh4 $146 ({Predecessor:} 13. Qe4 Bxc3 14. bxc3 Qd5 15. Bxc6 Qxc6 16. Qxe7 {0-1 (33) Pajak,J (1943)-Smieszek,W (2185) Bialystok 2017}) 13... e6 14. Bg5 Qd4 15. Qg3 Qb4 {Threatens to win with ...Bxc3.} 16. Rab1 Nd4 17. Bd3 $1 Rac8 18. Rfe1 Rxc3 (18... Qa5 $15) 19. bxc3 $14 Qxc3 20. Be4 Qxg3 (20... Qa5 $14) 21. hxg3 $16 Rc8 22. Be3 Rc4 23. Rbd1 ({Much less strong is} 23. Bxb7 $6 Nxc2 24. Rec1 Nxe3 $14) 23... h5 24. c3 $36 {[%mdl 2048] Black is under strong pressure.} Ne2+ (24... Nc6 $16) 25. Rxe2 $18 Rxe4 26. Rd8+ Kh7 27. Rb8 Nd5 28. Rxb7 Nxc3 29. Rc2 a5 $2 (29... Nd5 30. Bxa7 Re1+ 31. Kh2 g5 32. Rxf7 Kg6) 30. Rxf7 {[#] And now Rxc3 would win.} Nd5 31. Re2 Rc4 32. Bg5 Kg8 33. Ra7 Rc5 $2 {[#]} (33... Rc6 34. Rxa5 Bd4) 34. Rxe6 {White is clearly winning.} Kh7 35. Rd6 Nc7 36. Be3 Rc4 37. Rd7 Ne6 38. Re7 Re4 39. Ra6 {Precision: White = 67%, Black = 34%.} 1-0

[Event "CZE-tht Extraliga 2018-19"]
[Site "Czech Republic"]
[Date "2018.11.03"]
[Round "1"]
[White "Michalik, Peter"]
[Black "Markowski, Tomasz"]
[Result "1-0"]
[WhiteElo "2555"]
[BlackElo "2551"]
[Annotator "TA"]
[PlyCount "129"]
[EventDate "2018.11.03"]
[EventType "team-tourn"]
[EventCountry "CZE"]
[SourceTitle "playchess.com"]
[Source "ChessBase"]
[SourceQuality "1"]
[WhiteTeam "Siesta Solution Unichess A"]
[BlackTeam "SK Slavoj Poruba"]

{[%evp 15,129,50,54,50,56,43,54,53,60,-47,-58,-58,-65,-43,-68,-60,-32,-32,-32,-32,-50,-50,-13,0,18,14,58,56,67,66,76,80,85,94,112,72,99,37,37,37,41,0,27,0,45,41,157,142,185,104,97,16,21,-6,-6,-54,-46,-35,-31,-53,0,0,0,-105,-105,-106,-110,-116,-116,-220,-210,-217,-120,-129,-115,-102,-39,-51,-46,-75,-72,-82,0,0,0,0,1000,854,631,491,6404,5490,29960,29959,29959,29961,29958,5535,29965,29966,29966,29967,29968,29963,29964,29964,29964,29957,29970,29972,29973,29974,29974,29975,29973,29974]} 1. e4 c5 2. Nf3 e6 3. d4 cxd4 4. Nxd4 a6 5. Be3 Nf6 6. Bd3 d6 {B42: Sizilianisch (Paulsen-Variante)} (6... Qc7 7. O-O h5 8. h3 b6 9. c4 Bb7 10. Nc3 d6 11. Rc1 Nbd7 12. f4 Nc5 13. f5 e5 14. Nb3 Be7 15. Nd5 {0-1 (50) Michalik,P (2562)-Bilguun,S (2490) Biel 2018}) 7. c4 b6 8. Nc3 Bb7 {LiveBook: 3 Partien. Weiß steht etwas besser.} 9. f4 Nbd7 10. f5 $146 ({Vorgänger:} 10. Qf3 Be7 11. O-O O-O 12. Rae1 Qc7 13. Kh1 Rac8 14. Bd2 Rfd8 {0-1 (30) Koziej,M (2075)-Goluch,P (2040) Koszalin 2009}) 10... e5 11. Nb3 Be7 12. g4 (12. O-O $14) 12... h5 $15 13. gxh5 Nxh5 14. Qf3 Bh4+ 15. Kd2 Bg5 (15... b5 {feels hotter.} 16. cxb5 axb5 17. Bxb5 Kf8 18. Rhg1 Rc8) 16. Rag1 Bxe3+ 17. Qxe3 Kf8 18. Kc1 Qh4 19. Kb1 Qf4 20. Qe1 Nhf6 21. h4 $1 {[%cal Bh2h4,Bh4h5][%mdl 32]} Rh7 22. Rh3 Qh6 23. h5 $1 Ke7 24. Nd2 Rhh8 25. Rh4 Rac8 26. a4 (26. Nf3 $16) 26... Nc5 $14 27. Bc2 Ncd7 28. Bd3 Nc5 29. Bc2 Ncd7 30. Qe2 Nxh5 (30... a5 $14) 31. Rgh1 $16 g6 32. Nf1 (32. fxg6 $18 fxg6 33. Nd5+ Kd8 34. R4h2) 32... Qg7 33. fxg6 (33. Qh2 $1 $16) 33... Nf4 $11 34. Qg4 Qxg6 35. Qf3 Rxh4 36. Rxh4 Rg8 $36 {[%mdl 2048] Schwarz hat Druck.} 37. Ne3 $1 Kd8 ({Besser ist} 37... Qg1+ $1 $15 38. Ka2 Kd8) 38. Rg4 Qh7 39. Ned5 (39. Rxg8+ $11 {bleibt in der Remisbreite.} Qxg8 40. Qd1) 39... Rxg4 $17 40. Qxg4 Bxd5 41. Nxd5 Nxd5 42. exd5 (42. cxd5 $17 {war die einzige Verteidigung.} Qg6 43. Qh4+ Ke8 44. Qh8+ Ke7 45. Qc8) 42... Qh1+ $19 43. Ka2 Ke7 (43... Qc1 $19 44. Qh4+ Ke8 45. Qh8+ Ke7 46. Qh4+ Nf6) 44. Qg5+ $17 Nf6 45. Qe3 Qg2 (45... Qf1 $17 46. Bd3 Qd1) 46. Bb3 $1 $15 Nd7 {...Sc5 ist eine echte Drohung.} 47. a5 $1 {[%cal Ra5b6]} bxa5 {Weiss muss nun ...Sc5 beachten.} 48. Qa7 Qe4 (48... Qg8 $1 $17 {[%cal Rg8c8] Droht stark ...Dc8.} 49. Ba4 Qc8) 49. Qc7 $11 Qd4 {Droht ...Dc5 und aus.} 50. Ba4 Qc5 $2 {[%mdl 8192]} (50... Qg4 $11) 51. Qxd7+ $18 Kf8 52. Qc6 Qb4 (52... e4 $142 53. Qe8+ Kg7 54. Qxe4 Qb4 55. Qd4+ Kg8 56. Qg4+ Kf8 57. Qc8+ Kg7) 53. c5 Qc4+ {[#]} 54. Bb3 $1 Qxc5 55. Qxc5 dxc5 {[%mdl 4096] Endspiel [#] KL-KB} 56. Bc2 $1 c4 57. d6 {Weiß setzt Matt.} Ke8 58. Bf5 f6 59. Kb1 e4 60. Bxe4 Kd7 61. Bd5 c3 62. bxc3 a4 63. Bc4 a5 64. Kb2 Kxd6 65. Ka3 {Precision: Weiß = 69%, Schwarz = 44%.} 1-0

[Event "CZE-tht Extraliga 2018-19"]
[Site "Czech Republic"]
[Date "2018.11.03"]
[Round "1"]
[White "Zhigalko, Andrey"]
[Black "Yemelin, Vasily"]
[Result "*"]
[WhiteElo "2543"]
[BlackElo "2536"]
[Annotator "TA"]
[PlyCount "44"]
[EventDate "2018.11.03"]
[EventType "team-tourn"]
[EventCountry "CZE"]
[SourceTitle "playchess.com"]
[Source "ChessBase"]
[SourceQuality "1"]
[WhiteTeam "Beskydska sachova skola"]
[BlackTeam "Vystaviste Lysa nad Labem"]

{[%evp 15,44,35,36,24,21,16,16,18,25,28,33,24,25,34,35,27,34,29,31,34,41,25,41,28,13,27,42,23,31,11,31]} 1. e4 e5 2. Nf3 Nc6 3. Bb5 Nf6 4. d3 d6 5. O-O Be7 6. c3 O-O {C65: Ruy Lopez: Berlin Defence (3...Nf6), unusual lines and 4 0-0 Bc5} 7. Re1 Bd7 8. h3 Re8 {LiveBook: 3 Games. White is slightly better.} 9. Be3 $146 ({Predecessor:} 9. a4 Bf8 10. Bg5 h6 11. Bh4 g5 12. Bg3 Ne7 13. Bxd7 Qxd7 {1-0 (42) Caruana,F (2784)-Naiditsch,A (2701) Karlsruhe/Baden-Baden 2018}) 9... Bf8 10. c4 a6 11. Ba4 Nb8 12. Nc3 Bxa4 13. Qxa4 Nbd7 14. b4 c6 15. Qb3 a5 16. a3 axb4 17. axb4 Qc7 18. Rad1 h6 19. d4 exd4 20. Bxd4 Re6 21. Re3 Rae8 {[%cal Rf6e4]} 22. Rde1 Qd8 {Precision: White = 19%, Black = 55%.} *